Statistics for GREYS ANATOMY

Click here to take the quiz!

General Stats

  • This quiz has been taken 521 times
  • The average score is 15 of 35

Answer Stats

HintAnswer% Correct
Which of Dereks sisters had a drug problem?Amelia
96%
How many sisters does Meredith have?3
95%
What patient did Izzie fall in love with?Denny
95%
Who is Balieys 1st Husband?Tucker
82%
What is Dereks Famous Moto?Its a beautiful day to save lives
78%
Who froze whilst operating in an elevator?Alex
73%
What nurse gave George Syphilis?Olivia
67%
What drink does Meredith always drink?Tequila
59%
Derek watched his dad get murdered for his?Watch
59%
'The carousel never stops....'Turning
58%
Who died as a result of the plane crash?Mark and Lexie
57%
What did Meredith give Thatcher?Piece of her Liver
53%
Why is Addisons specialty?OBGYN/ Neonatal
47%
What does Meredith and Cristina do when theyre stressed/sad?Dance it out
44%
Where did Meredith go to collage?Dartmouth
43%
Where was George going to go before he died?Army
41%
What does Teddy have on her scrub cap?Birds
40%
What is Jane doe/ Avas real name?Rebecca
39%
What colour was Aprils small notebook?Red
37%
Who shot Derek?Gary Clark
34%
Who is the first person Izzie tells about her cancer?Cristina
33%
What is the name of the first patient Derek and Meredith had together?Katie Bryce
33%
What did Izzie name her child she had at 16?Sarah
31%
What fellowship did Bailey nearly take if it wasnt at the cost of her marrige?Pediatrics
29%
How did Owen save Cristina the fist day he met her?Pulled out her icicle
27%
What does Callies dad try and get a priest to do when he finds out shes gay?Pray away the gay
25%
What sport did Alex do?Wrestling
22%
What probelm does Richard have?Alcoholism
21%
Why did Cristina help Bukre with surgeries?He had a tremor
17%
Where is Cristina from?Beverly Hills
14%
Whos tumor does Derek draw on the wall?Isaac
13%
Arizona is a 'Good man in a .....'Storm
13%
Why did Derek move to Seattle?His wife cheated on him
2%
Where did Izzie grow up?In a trailor park
1%
What is Jacksons family famous for?The Haper Avery Award
1%

Score Distribution

Percentile by Number Answered

Percent of People with Each Score

Your Score History

You have not taken this quiz